|
|
|
|
| LEADER |
02121ncm a2200577 i 4500 |
| 001 |
nkc20172881825 |
| 003 |
CZ PrNK |
| 005 |
20171121071712.0 |
| 007 |
qu |
| 008 |
170223s2017 xr ccl g nn cze |
| 015 |
|
|
|a cnb002881825
|
| 020 |
|
|
|a 978-80-7000-127-1
|q (vázáno)
|
| 040 |
|
|
|a BOA001
|b cze
|d ABA001
|e rda
|
| 043 |
|
|
|a e-xr---
|
| 045 |
|
|
|a x-y-
|
| 048 |
|
|
|b vn01
|
| 072 |
|
7 |
|a 783
|x Církevní hudba. Duchovní hudba. Náboženská hudba
|2 Konspekt
|9 9
|
| 080 |
|
|
|a 783.2
|2 MRF
|
| 080 |
|
|
|a 783.2/.9
|2 MRF
|
| 080 |
|
|
|a 783.6
|2 MRF
|
| 080 |
|
|
|a (0:82-192)
|2 MRF
|
| 245 |
0 |
0 |
|a Zpěvník Církve československé husitské /
|c uspořádali Zdeněk Trtík, Otakar Ungermann a Ladislav Šimšík
|
| 250 |
|
|
|a Vydání deváté (s Dodatkem čtvrté)
|
| 264 |
|
1 |
|a Praha :
|b Církev československá husitská,
|c 2017
|
| 300 |
|
|
|a 1 zpěvník (704 stran) ;
|c 15 cm
|
| 336 |
|
|
|a zápis hudby
|b ntm
|2 rdacontent
|
| 337 |
|
|
|a bez média
|b n
|2 rdamedia
|
| 338 |
|
|
|a svazek
|b nc
|2 rdacarrier
|
| 382 |
0 |
1 |
|a zpěv
|n 1
|s 1
|
| 610 |
2 |
7 |
|a Církev československá husitská
|7 kn20010710457
|2 czenas
|
| 650 |
0 |
7 |
|a liturgická hudba
|7 ph135193
|z Česko
|2 czenas
|
| 650 |
0 |
7 |
|a bohoslužebné zpěvy křesťanské
|7 ph224313
|z Česko
|2 czenas
|
| 650 |
0 |
7 |
|a duchovní písně
|7 ph119634
|z Česko
|2 czenas
|
| 650 |
0 |
9 |
|a sacred vocal music
|z Czechia
|2 eczenas
|
| 650 |
0 |
9 |
|a Christian chants
|z Czechia
|2 eczenas
|
| 650 |
0 |
9 |
|a sacred songs
|z Czechia
|2 eczenas
|
| 655 |
|
7 |
|a liturgická hudba
|7 fd994895
|2 czenas
|
| 655 |
|
7 |
|a duchovní písně
|7 fd994967
|2 czenas
|
| 655 |
|
7 |
|a zpěvníky
|7 fd133876
|2 czenas
|
| 655 |
|
9 |
|a sacred vocal music
|2 eczenas
|
| 655 |
|
9 |
|a sacred songs
|2 eczenas
|
| 655 |
|
9 |
|a songbooks
|2 eczenas
|
| 700 |
1 |
|
|a Trtík, Zdeněk,
|d 1914-1983
|7 jk01140225
|4 com
|
| 700 |
1 |
|
|a Ungermann, Otakar
|7 kpwa4983
|4 com
|
| 700 |
1 |
|
|a Šimšík, Ladislav,
|d 1907-1967
|7 kpwa4865
|4 com
|
| 910 |
2 |
|
|a BOA001
|b Mus1-1389.844
|
| 990 |
|
|
|a MU
|
| 995 |
|
|
|a 01
|
| 991 |
|
|
|b 201708
|c NOV
|
| 925 |
|
|
|a zpěv
|b V
|
| 996 |
6 |
|
|b 2610714633
|c Mus1-1389.844
|l MZK
|r Sklad / do 1 hodiny
|n 1
|p p.v.
|w 001623173
|u 000010
|a 1
|e BOA001
|j MZK50
|s P
|